Landscape tunings : (Record no. 7721)

000 -LEADER
fixed length control field 00777cam a22001937i 4500
003 - CONTROL NUMBER IDENTIFIER
control field OSt
005 - DATE AND TIME OF LATEST TRANSACTION
control field 20200513132359.0
008 - FIXED-LENGTH DATA ELEMENTS--GENERAL INFORMATION
fixed length control field 170921s2016 nyuab 000 0 eng d
020 ## - INTERNATIONAL STANDARD BOOK NUMBER
International Standard Book Number 9781945150180
082 04 - DEWEY DECIMAL CLASSIFICATION NUMBER
Classification number 712.50943362
Edition number 23
245 10 - TITLE STATEMENT
Title Landscape tunings :
Remainder of title an urban park at the Danube.
300 ## - PHYSICAL DESCRIPTION
Extent 147 pages :
Other physical details illustrations (chiefly color), maps (chiefly color) ;
Dimensions 28 cm
500 ## - GENERAL NOTE
General note "PCN: 2016946854"--Book flap.
500 ## - GENERAL NOTE
General note "The Stadt Park Donau/Donau-Loop project was exhibited at the Museum of Concrete Art and Design in Ingolstadt during the summer of 2014."--Book flap.
650 #0 - SUBJECT ADDED ENTRY--TOPICAL TERM
Topical term or geographic name as entry element Waterfronts
Geographic subdivision Danube River Valley.
650 #0 - SUBJECT ADDED ENTRY--TOPICAL TERM
Topical term or geographic name as entry element Urban parks
Geographic subdivision Danube River Valley
General subdivision Design.
650 #0 - SUBJECT ADDED ENTRY--TOPICAL TERM
Topical term or geographic name as entry element Urban landscape architecture
Geographic subdivision Danube River Valley.
942 ## - ADDED ENTRY ELEMENTS (KOHA)
Source of classification or shelving scheme
Holdings
Withdrawn status Lost status Source of classification or shelving scheme Damaged status Koha normalized classification for sorting Not for loan Permanent location Current location Date acquired Full call number Barcode Date last seen Price effective from Koha item type
        712_509433620000000   BMS College of Architecture, Design and Planning BMS College of Architecture, Design and Planning 2020-05-13 712.50943362 ar-ug1471 2020-05-13 2020-05-13 UG Books
Copyright © 2025, The Librarian, Library and Information Centre, BMSCA D&P, Bengaluru. All Rights Reserved
web counter

Powered by Koha